000 00644nam a2200265Ia 4500
005 20260121170221.0
008 008 260114s9999 xx 000 0 eng d
020 _a9781349952977
037 _aEBOOK
040 _aCRL
040 _beng
040 _cCRL
041 _2eng
041 _aeng
084 _qCRL
100 _aMeleckidzedeck Khayesi
_91061226
245 0 _aRural Development Planning in Africa
260 _bSpringer
260 _bSpringer
260 _c2018
856 _uhttps://link.springer.com/openurl?genre=book&isbn=978-1-349-95297-7
942 _cEBOOK
999 _c1626955
_d1626955